Word Ladder: Paul Newman Quiz Stats

 Plays Quiz Updated Apr 21, 2018

Challenge
Share
Tweet
Embed
Score 0/24 Timer 03:00
1 Play Today
Clue 4-Letter Rung % Correct
At the end of your legFOOT
98.5%
• 1958: Cat on a Hot Tin ____• ROOF •
97.8%
Precious metalGOLD
97.3%
Make a cakeBAKE
96.1%
Body of waterLAKE
95.7%
Underlying causeROOT
95.6%
Give up a hand in pokerFOLD
95%
NakedBARE
94.7%
Silly mistakeGOOF
94.7%
• 1994: Nobody's ____• FOOL •
94.6%
Between foxtrot and hotelGOLF
91.7%
PoetBARD
91.1%
Clue 4-Letter Rung % Correct
Microsoft search engineBING
90.5%
Fasten togetherBIND
90%
• 1958: The ____ Hot Summer •• LONG •
87.9%
• 1962: Sweet ____ of Youth •• BIRD •
87.3%
AffectionateFOND
85.6%
Used for smokingBONG
84.1%
'Metropolis' director Fritz ____LANG
78.3%
Be suspendedHANG
78.2%
• 1967: ____ [rung 12] [rung 24] •• COOL •
77.2%
• 1967: [rung 1] ____ [rung 24] •• HAND •
76.8%
• 1967: [rung 1] [rung 12] ____• LUKE •
75.4%
Otherworldly woman in Irish mythologyFAND
71.2%

Today's Daily Dose

You're not logged in!

Compare scores with friends on all Sporcle quizzes.
Join for Free
OR
Log In

You Might Also Like...

Show Comments

Extras

Top Quizzes Today


Score Distribution

Your Account Isn't Verified!

In order to create a playlist on Sporcle, you need to verify the email address you used during registration. Go to your Sporcle Settings to finish the process.

Report this User

Report this user for behavior that violates our Community Guidelines.

Details: